Právo v marketingu

Gespeichert in:
Bibliographische Detailangaben
1. Verfasser: Winkler, Martin, 1975-
Körperschaft: Ekonomická univerzita v Bratislave. Obchodná fakulta
Weitere Verfasser: Hutta, Michal, 1982-, Magurová, Hana, 1986-, Slezáková, Andrea, 1980-, Tináková, Eva, 1982-, Vačoková, Lenka, 1983-, Veterníková, Mária, 1964-, Zlocha, Ľubomír, 1988-, Moravec, Tomáš, Szakács, Andrea
Format: Buch
Sprache:Slowakisch
Veröffentlicht: Bratislava Vydavateľstvo EKONÓM 2023
Ausgabe:1. vydanie
Schlagworte:
Tags: Tag hinzufügen
Keine Tags, Fügen Sie das erste Tag hinzu!

MARC

LEADER 00000nlm a2200000 4500
001 0298746
005 20250602094511.9
020 |a 978-80-225-5124-3 
041 0 |a slo 
044 |a SK 
245 1 0 |a Právo v marketingu  |c Martin Winkler a kolektív ; recenzenti: Tomáš Moravec, Andrea Szakács 
250 |a 1. vydanie 
264 1 |a Bratislava  |b Vydavateľstvo EKONÓM  |c 2023 
300 |a 360 s. [23,30 AH] 
610 2 0 |a právo 
610 2 0 |a marketing 
610 2 0 |a vlastníctvo duševné 
610 2 0 |a ochrana osobnosti 
610 2 0 |a médiá 
610 2 0 |a reklama 
610 2 0 |a ochrana údajov osobných 
610 2 0 |a súťaž hospodárska 
610 2 0 |a obchod elektronický 
610 2 0 |a komunikácia elektronická 
610 2 0 |a regulácia 
610 2 0 |a úpravy právne 
610 2 0 |a tvorba cien 
610 2 0 |a tovar 
610 2 0 |a služby 
610 2 0 |a zmluvy obchodné 
610 2 0 |a ochrana spotrebiteľa 
100 1 |a Winkler, Martin, 1975- 
700 1 |a Hutta, Michal, 1982- 
700 1 |a Magurová, Hana, 1986- 
700 1 |a Slezáková, Andrea, 1980- 
700 1 |a Tináková, Eva, 1982- 
700 1 |a Vačoková, Lenka, 1983- 
700 1 |a Veterníková, Mária, 1964- 
700 1 |a Zlocha, Ľubomír, 1988- 
700 1 |a Moravec, Tomáš 
700 1 |a Szakács, Andrea 
710 2 |a Ekonomická univerzita v Bratislave. Obchodná fakulta